000 00320nam a2200121Ia 4500
008 210430s9999 xx 000 0 und d
082 _a822.3 S5241 J
100 _aFamous Products
_954041
245 _aJulius Caesar
_cFamous Products
260 _aIndia
_bKhalid Waheed Malik
_c2007
300 _a482p
942 _cBK
_2ddc
999 _c564493
_d564493